| 000 | 01250nam a2200289 a 4500 | ||
|---|---|---|---|
| 003 | MX-MxUPN | ||
| 005 | 20230418063507.0 | ||
| 008 | 220920s2020 mx bo|||r|||| 000 0 spa d | ||
| 020 | _a9788418080692 | ||
| 040 |
_aMX-MxUPN _bspa _cMX-MxUPN |
||
| 041 | 0 | _aspa | |
| 050 | 1 | 4 |
_aS589.7 _bC76 2020 |
| 100 | 1 |
_aCrocker Sagastume, René _946537 |
|
| 245 | 1 | 0 |
_aGranjas-escuelas agroecológicas interculturales : _bmodelo teórico para el diálogo biocultural para regenerar la vida natural |
| 260 |
_aGuadalajara, Jalisco : _bUniversidad de Guadalajara |
||
| 260 |
_aMezquitic, Jalisco : _bPrograma Intercultural de Agroecología, Salud y Alimentación Wixárika |
||
| 260 |
_aCiudad de México : _bAsociación Mexicana de Escuelas y Facultades de Medicina |
||
| 260 |
_aIbiza, España : _bFondo Editorial Universitario, _c2020. |
||
| 300 |
_a223 páginas : _bmapas, fotografías. |
||
| 490 | 0 | _aEducación y medicina intercultural | |
| 650 | 7 |
_aEcología agrícola _xEstudios interculturales _2 _946540 |
|
| 650 | 7 |
_aGranjas _xAspectos ambientales _zMéxico _2 _946541 |
|
| 650 | 4 |
_aConservación de la biodiversidad _zMéxico _920895 |
|
| 650 | 7 |
_aHuicholes _xCondiciones económicas _2 _946542 |
|
| 902 | _aVíctor Ruiz/200922 | ||
| 942 |
_2lcc _cLIBRO |
||
| 999 |
_c208849 _d208849 |
||